| 000 | 00435cam a22001217a 4500 | ||
|---|---|---|---|
| 008 | 180718b-- xxu||||| |||| 00| 0 eng d | ||
| 082 | _aT48x54 N213 | ||
| 245 |
_aIndian securities market: a review _cby National Stock Exchange of India Limited |
||
| 260 |
_aMumbai _bNational Stock Exchange of India Limited _c-- |
||
| 500 | _aLibrary has 1998, 2002 | ||
| 650 | _aStock-exchange - India | ||
| 700 | _aNational Stock Exchange of India Limited | ||
| 999 |
_c491508 _d491508 |
||